000
00411nam a2200145Ia 4500
008
100122s9999 xx 000 0 und d
082
_b
42055
_a
821
100
_a
कोरे सुलभा
245
_a
स्पर्शिका
260
_b
साहित्य जागर
_c
1988
300
_a
55
630
_a
स्पर्शिका
730
_a
स्पर्शिका
942
_c
BOOK
999
_c
422497
_d
422494